000 00365nam a22001457a 4500
003 NUST - PNEC
005 20170116181132.0
008 151006b xxu||||| |||| 00| 0 eng d
020 _a-
040 _cLIBRARY
082 _a660.281 TAH
245 _aIntroduction to applied process control
_cTahir, M.A.
650 _914056
_aMS Control
_xMScon
942 _2ddc
_cBK
999 _c70043
_d70043